Vocabulary Words That Start With IN - Statistics

General Stats
  • This quiz has been taken 628 times
    471 since last reset
  • The average score is 14 of 20
Answer Stats
Hint Answer % Correct
Where you are when not outdoors Inside
94%
The money you make from working Income
92%
A child in the first stage of life Infant
88%
Thomas Edison is one of these Inventor
88%
The long version of the flu Influenza
87%
To ask about Inquire
87%
Buzz Lightyear wants to go here and beyond Infinity
86%
A member of the Eskimo people Inuit
83%
To sit upon eggs to hatch them by warmth Incubate
80%
I wish I could sleep, Im an... Insomniac
80%
Free from guilt Innocent
78%
A single member of a group, one person Individual
75%
You have a large one and a small one Intestine
73%
Kennedy's were JFK Initials
69%
Extremely or amazingly great...awesome Incredible
64%
A device used for breathing medicine into the lungs Inhaler
57%
What you'd play in high school band Instrument
53%
Starting, stopping and starting again, like your wipers Intermittent
48%
Violation Infraction
35%
Not easily bent or twisted Inflexible
27%
No matching quizzes found
Score Distribution
Percent of People with Each Score
Percentile by Number Answered
Your Score History
You have not taken this quiz since the last reset